00273nam a2200121Ia 4500008004100000100001600041245001100057260003100068300000800099650002000107942000700127999001700134190216s9999||||xx |||||||||||||| ||und|| aNarayan R K 0aDowary bPragathi Prakashanc1985 a88p aEnglish General cBK c14059d14059